000 00391cam a22001337a 4500
008 180718b2009 xxu||||| |||| 00| 0 eng d
020 _a9788183293235
082 _aPx54 C361s
100 _aChandra, Ramesh
245 _aSocio-educational planning and development in India
_cby Ramesh Chandra
260 _aNew Delhi
_bShree
_c2009
300 _a482p.
650 _aEducation - Planning - India
999 _c426535
_d426535